MENÁ TRETEJ BOŽSKEJ OSOBY VO SVETLE SVÄTÉHO PÍSMA

Podrobná bibliografia
Hlavný autor: Vojtko, Stanislav, 1953- (Autor)
Médium: Článok
Jazyk:slovenčina
ISBN:8071653217

MARC

LEADER 00000naa a2200000uu 4500
001 vtls011033471
003 SK-MaSNL
005 20260302124728.0
008 210907|2001 xo |||||||||||||||||slo|
015 |a SNBRA 
035 |a (urnnbn)urn:nbn:sk:snk:ar-008s1n 
035 |a (uuid)09f3b55a-bd11-4642-b83a-d65a9843a00f 
035 |a urn:nbn:sk:snk-aaunxh 
040 |a SNKBUCL  |b slo  |c SNKBUCL  |e AACR2 
041 0 |a slo 
044 |a xo  |c SK 
100 1 |a Vojtko, Stanislav,  |d 1953-  |4 aut  |9 113949 
245 1 0 |a MENÁ TRETEJ BOŽSKEJ OSOBY VO SVETLE SVÄTÉHO PÍSMA  |c Stanislav Vojtko 
773 0 |t Pane, zošli svojho ducha  |d Prešov : Michal Vaško, 2001  |g S. 10-14  |z 8071653217 
958 |a OND 
958 |a article12 
958 |a chapter 
999 |c 1289691  |d 1291621